00508 2200205 4500001002100000005001500021035002000036007000300056008004100059020002200100082000800122084001400130100001900144245002700163260003000190300003300220650001500253650001400268990002000282INLIS00000000000300320260512084142 a0010-0526000094ta260512 f 0 ind  a978-979-493-496-8 a571 a571 SON d1 aSonjaya, Herry1 aDasar Fisiologi Ternak aBogor :bIPB Press,c2013 axx + 374 hlm. ;c15 x 23 cm. 4aPeternakan 4aFisiologi a20260518.02.008